000 00291nam a22001097a 4500
008 230620b xxu||||| |||| 00| 0 eng d
082 _23
_a321.4
_bBRA 1947
245 _aDemocracy in the Dominions
260 _aCanada
_bThe University of Toronto Press
_c1947
300 _a614p
942 _2ddc
_cBK
999 _c1861
_d1861